000 00240nam a22000857a 4500
008 160712b xxu||||| |||| 00| 0 eng d
100 _92668
_a Bijlani, R
245 _aOur Body: A Wonderful Mechine
260 _aNew Delhi
_bNational Book Trust
_c2004
999 _c2321
_d2321